00664cam a2200181 4500008004100000020001500041035001200056245009100068250001100159260004900170300002000219440002400239504003900263650003700302650003000339710005800369710005500427061207s1996 mx 000 0 spa u a9688957119 aa45821400aParadigmas alternativos de investigación en educación ambiental /ced. Rick Mrazek a1a ed. aMéxico :bUniversidad de Guadalajara, 1996 a269 p.;c21 cm. 0aSociedad y Ambiente aIncluye bibliografías e índice 7aMedio Ambiente zMéxico 2Lemb 4aEducador xMedio Ambiente2 aAsociación Norte Americana de Educación Ambiental2 aSecretaría de Medio Ambiente, Recursos Naturales